Determinants of the insurance consumption: theoretical approach
Poistenie ako komplexná a abstraktná služba, ktorá sa stáva čoraz dôležitejšou súčasťou budúceho plánovania spotrebiteľov. Vplyv osobných, demografických a ekonomických faktorov na spotrebu poistenia. Kľúčové determinanty spájané so spotrebou životného a neživotného poistenia.
Salvato in:
| Autore principale: | |
|---|---|
| Altri autori: | , |
| Natura: | Capitolo di libro |
| Lingua: | inglese |
| Soggetti: | |
| Tags: |
Nessun Tag, puoi essere il primo ad aggiungerne!!
|
MARC
| LEADER | 00000nla a2200000 4500 | ||
|---|---|---|---|
| 001 | 0227981 | ||
| 005 | 20240502083614.8 | ||
| 041 | 0 | |a eng | |
| 044 | |a CZ | ||
| 245 | 1 | 0 | |a Determinants of the insurance consumption: theoretical approach |c Tomáš Ondruška, Erika Pastoráková, Zuzana Brokešová |
| 520 | |a Poistenie ako komplexná a abstraktná služba, ktorá sa stáva čoraz dôležitejšou súčasťou budúceho plánovania spotrebiteľov. Vplyv osobných, demografických a ekonomických faktorov na spotrebu poistenia. Kľúčové determinanty spájané so spotrebou životného a neživotného poistenia. | ||
| 610 | 2 | 0 | |a poistenie |
| 610 | 2 | 0 | |a poistenie neživotné |
| 610 | 2 | 0 | |a poistenie životné |
| 610 | 2 | 0 | |a trh poistný |
| 610 | 2 | 0 | |a dopyt |
| 100 | 1 | |a Ondruška, Tomáš, 1988- | |
| 700 | 1 | |a Pastoráková, Erika, 1972- | |
| 700 | 1 | |a Brokešová, Zuzana, 1985- | |